| 000 | 01028cam a2200241 4500 | ||
|---|---|---|---|
| 001 | ABS68553 | ||
| 008 | 041215n2004 000 0 eng u | ||
| 035 | _a(Sirsi) u128312 | ||
| 100 | _aRouse, J. | ||
| 245 | _aEveryone's a winner | ||
| 260 | _c2004 | ||
| 490 |
_aBuilding _v269(8360) 3 December 2004, 31(1) |
||
| 520 | _aExamines the effect of the Housing Bill and the new powers to make social housing grants to a wider range of bodies, including housebuilders and developers. The Housing Corporation will test these new powers for the first time next year in a £200m pilot programme. The Corporation now has two funding options for social housing, its traditional power to invest in housing associations and its new ability to support unregistered bodies. | ||
| 590 | _aABS | ||
| 590 | _aABS | ||
| 650 | _aHOUSING BILL | ||
| 650 | _aHOUSING CORPORATION | ||
| 650 | _aSOCIAL HOUSING | ||
| 650 | _aPRIVATE FINANCE | ||
| 650 | _aREGIONAL HOUSING STRATEGIES | ||
| 690 | _aHOUSING-SOCIAL HOUSING | ||
| 942 | _n0 | ||
| 999 |
_c118451 _d118451 |
||